<?xml version="1.0" encoding="UTF-8"?>
<record
    xmlns:xsi="http://www.w3.org/2001/XMLSchema-instance"
    xsi:schemaLocation="http://www.loc.gov/MARC21/slim http://www.loc.gov/standards/marcxml/schema/MARC21slim.xsd"
    xmlns="http://www.loc.gov/MARC21/slim">

  <leader>03743nam a22002537a 4500</leader>
  <controlfield tag="005">20140221164129.0</controlfield>
  <controlfield tag="008">140218t2011    ck ad  grf    00| 0 spa d</controlfield>
  <datafield tag="020" ind1=" " ind2=" ">
    <subfield code="a">9789589009468</subfield>
  </datafield>
  <datafield tag="041" ind1=" " ind2=" ">
    <subfield code="a">spa</subfield>
  </datafield>
  <datafield tag="044" ind1=" " ind2=" ">
    <subfield code="a">ck</subfield>
  </datafield>
  <datafield tag="082" ind1=" " ind2=" ">
    <subfield code="a">574.192</subfield>
    <subfield code="b">B116b</subfield>
  </datafield>
  <datafield tag="100" ind1="1" ind2=" ">
    <subfield code="a">Bacca Gonz&#xE1;lez, Cecilia</subfield>
    <subfield code="9">6593</subfield>
  </datafield>
  <datafield tag="245" ind1="1" ind2="0">
    <subfield code="a">Bioqu&#xED;mica :</subfield>
    <subfield code="b">manual de laboratorio /</subfield>
    <subfield code="c">Cecilia Bacca Gonz&#xE1;lez</subfield>
  </datafield>
  <datafield tag="260" ind1=" " ind2=" ">
    <subfield code="a">Bogot&#xE1;</subfield>
    <subfield code="b">Universidad INCCA de Colombia</subfield>
    <subfield code="c">2011</subfield>
  </datafield>
  <datafield tag="300" ind1=" " ind2=" ">
    <subfield code="a">204 p. </subfield>
    <subfield code="c">27.5 cm</subfield>
  </datafield>
  <datafield tag="505" ind1=" " ind2=" ">
    <subfield code="a">1. Seguridad y bioseguridad en el laboratorio p. 7
2. Colorimetr&#xED;a y espectroscopia p. 15
3. Colorimetr&#xED;a y espectroscopia (II parte) p. 25
4. Espectroscopia ultravioleta p. 29
5. Demostraci&#xF3;n de la ley de Beer y Lambert y determinaci&#xF3;n de la concentraci&#xF3;n de prote&#xED;nas por espectrofotometr&#xED;a p. 33
6. Identificaci&#xF3;n de los amino&#xE1;cidos por reacciones qu&#xED;micas de sus cadenas laterales p .39
7. Separaci&#xF3;n de amino&#xE1;cidos de extractos vegetales por cromatograf&#xED;a en capa fina p. 49
8. Principales factores que afectan la estabilidad de las prote&#xED;nas p. 53
9. Aislamiento de la case&#xED;na a partir de leche descremada p. 63
10. Separaci&#xF3;n de prote&#xED;nas por soluciones salinas y reconocimiento con el reactivo de Biuret p. 65
11. Extracci&#xF3;n de prote&#xED;nas a partir de cereales y determinaci&#xF3;n por el m&#xE9;todo de Biuret p. 69
12. Separaci&#xF3;n y caracterizaci&#xF3;n de prote&#xED;nas corporales p. 75
13. Cuantificaci&#xF3;n de prote&#xED;nas por el m&#xE9;todo de Lowry p. 81
14. Separaci&#xF3;n de la ovoalb&#xFA;mina y cuantificaci&#xF3;n por el m&#xE9;todo de Biuret p. 85
15. Determinaci&#xF3;n de prote&#xED;nas por el m&#xE9;todo de Bradford p. 91
16. Verificaci&#xF3;n in vitro de la actividad de las enzimas digestivas p. 97
17. Actividad proteol&#xED;tica de la papa&#xED;na y el efecto de algunos inhibidores p. 103
18. Extracci&#xF3;n de lactosa a partir de leche p. 109
19. Hidr&#xF3;lisis &#xE1;cida y enzim&#xE1;tica del almid&#xF3;n p. 125
20. Extracci&#xF3;n de gluc&#xF3;geno p. 119
21. Hidr&#xF3;lisis de los l&#xED;pidos de la leche con lipasa y sales billares p. 125
22. Extracci&#xF3;n y reconocimiento de los componetes de los fosfol&#xED;pidos p. 131
23. Determinaci&#xF3;n de las vitaminas D por cromatograf&#xED;a en capa fina p. 137
24. Extracci&#xF3;n y determinaci&#xF3;n de vitamina C p. 141
25. Reconocimiento cualitativo de las vitaminas hidrosolubles p. 145
26. An&#xE1;lisis cuantitativo de vitaminas hidrosolubles tiamina pirodoxal y &#xE1;cido asc&#xF3;rbico p. 153
27. Aislamiento de ADN a partir de sangre perif&#xE9;rica humana p. 157
28. Reconocimiento de los componentes del ARN e identificaci&#xF3;n de las desoxirribosas del ADN p. 161
29. Actividad del NADH + H de la glic&#xF3;lisis anaer&#xF3;bica en la formaci&#xF3;n p. 169
30. Extracci&#xF3;n y verificaci&#xF3;n de la actividad de la succ&#xED;nico deshidrogenasa citocromo oxidasa y el efecto de algunos inhibidores p. 175
31. Producci&#xF3;n de piruvato acetaldeh&#xED;do y etanol por fermentaci&#xF3;n de la glucosa con las enzimas de la levadura p. 183 
32. Verificaci&#xF3;n experimental del bombeo de protones por levaduras y el efecto de los inhibidores y desacoplantes de la cadena respiratoria y fosforilaci&#xF3;n oxidativa p. 189
33. Electroforesis p. 193
34. Calibraci&#xF3;n de una columna de sephadex para la determinaci&#xF3;n de peso molecular por filtraci&#xF3;n en gel p. 199</subfield>
  </datafield>
  <datafield tag="650" ind1=" " ind2=" ">
    <subfield code="a">Bioqu&#xED;mica</subfield>
    <subfield code="x">Manuales de Laboratorio</subfield>
    <subfield code="x">Ense&#xF1;anza</subfield>
    <subfield code="9">9065</subfield>
  </datafield>
  <datafield tag="700" ind1="1" ind2=" ">
    <subfield code="a">Padilla L&#xF3;pez, Clara Virginia</subfield>
    <subfield code="e">Ed</subfield>
    <subfield code="e">Correcci&#xF3;n de Estilo</subfield>
    <subfield code="9">6594</subfield>
  </datafield>
  <datafield tag="700" ind1="1" ind2=" ">
    <subfield code="a">Su&#xE1;rez Torres, Fanny Roc&#xED;o</subfield>
    <subfield code="e">Dise&#xF1;o Car&#xE1;tula</subfield>
    <subfield code="9">6595</subfield>
  </datafield>
  <datafield tag="700" ind1="1" ind2=" ">
    <subfield code="a">Cort&#xE9;s Bacca, Doris Cristina</subfield>
    <subfield code="e">Dise&#xF1;o Car&#xE1;tula</subfield>
    <subfield code="9">6596</subfield>
  </datafield>
  <datafield tag="700" ind1="1" ind2=" ">
    <subfield code="a">P&#xE1;ez Zamudio, Nadia Smith</subfield>
    <subfield code="e">Correcci&#xF3;n Electr&#xF3;nica</subfield>
    <subfield code="e">Arte Final</subfield>
    <subfield code="9">6597</subfield>
  </datafield>
  <datafield tag="710" ind1="2" ind2=" ">
    <subfield code="a">Universidad INCCA de Colombia</subfield>
    <subfield code="b">Facultad de Ingenier&#xED;a, Administraci&#xF3;n y Ciencias B&#xE1;sicas</subfield>
    <subfield code="e">Editorial</subfield>
    <subfield code="9">9066</subfield>
  </datafield>
  <datafield tag="942" ind1=" " ind2=" ">
    <subfield code="2">ddc</subfield>
    <subfield code="c">Impreso</subfield>
  </datafield>
  <datafield tag="999" ind1=" " ind2=" ">
    <subfield code="c">8118</subfield>
    <subfield code="d">8118</subfield>
  </datafield>
  <datafield tag="952" ind1=" " ind2=" ">
    <subfield code="0">0</subfield>
    <subfield code="1">0</subfield>
    <subfield code="2">ddc</subfield>
    <subfield code="4">0</subfield>
    <subfield code="7">0</subfield>
    <subfield code="8">GENERAL</subfield>
    <subfield code="I">INV2017</subfield>
    <subfield code="a">Bogota</subfield>
    <subfield code="b">Bogota</subfield>
    <subfield code="d">2014-02-18</subfield>
    <subfield code="e">Instituto</subfield>
    <subfield code="g">39000.00</subfield>
    <subfield code="l">0</subfield>
    <subfield code="o">LB-574.192 B116b</subfield>
    <subfield code="p">034043</subfield>
    <subfield code="r">2014-02-18 00:00:00</subfield>
    <subfield code="t">Ej. 1</subfield>
    <subfield code="w">2014-02-18</subfield>
    <subfield code="x">Donaci&#xF3;n</subfield>
    <subfield code="y">LIBRO</subfield>
  </datafield>
  <datafield tag="952" ind1=" " ind2=" ">
    <subfield code="0">0</subfield>
    <subfield code="1">0</subfield>
    <subfield code="2">ddc</subfield>
    <subfield code="4">0</subfield>
    <subfield code="7">0</subfield>
    <subfield code="8">GENERAL</subfield>
    <subfield code="I">INV2017</subfield>
    <subfield code="a">Venado</subfield>
    <subfield code="b">Venado</subfield>
    <subfield code="d">2014-02-18</subfield>
    <subfield code="e">Instituto</subfield>
    <subfield code="g">39000.00</subfield>
    <subfield code="l">0</subfield>
    <subfield code="o">LB-574.192 B116b</subfield>
    <subfield code="p">034045</subfield>
    <subfield code="r">2014-02-18 00:00:00</subfield>
    <subfield code="t">Ej. 2</subfield>
    <subfield code="w">2014-02-18</subfield>
    <subfield code="x">Donaci&#xF3;n</subfield>
    <subfield code="y">LIBRO</subfield>
  </datafield>
</record>
